Pięć najmniejszych państw każdego kontynentu - Statystyki

Ogólne statystyki
  • Ten quiz został rozwiązany 98 razy
  • Średni wynik to 20 z 30
Statystyki odpowiedzi
kontynent km2 kraj % Poprawnych
Europa 0.44 Watykan
99%
Europa 61 San Marino
91%
Europa 2.02 Monako
87%
Europa 160 Liechtenstein
86%
Oceania 21 Nauru
69%
Afryka 452 Seszele
69%
Ameryka Południowa 406,752 Paragwaj
68%
Oceania 26 Tuvalu
68%
Ameryka Południowa 276,841 Ekwador
67%
Ameryka Południowa 214,969 Gujana
67%
Ameryka Południowa 163,820 Surinam
67%
Europa 316 Malta
66%
Azja 716 Singapur
66%
Afryka 4,033 Republika Zielonego Przylądka
65%
Oceania 181 Wyspy Marshalla
65%
Afryka 964 Wyspy Świętego Tomasza i Książeca
64%
Afryka 1,862 Komory
62%
Oceania 459 Palau
62%
Ameryka Północna 261 Saint Kitts i Nevis
62%
Ameryka Południowa 176,215 Urugwaj
62%
Ameryka Północna 344 Grenada
60%
Azja 300 Malediwy
60%
Ameryka Północna 389 Saint Vincent i Grenadyny
60%
Azja 5,765 Brunei
58%
Ameryka Północna 442 Antigua i Barbuda
56%
Ameryka Północna 430 Barbados
56%
Afryka 2,040 Mauritius
56%
Azja 765 Bahrajn
55%
Oceania 702 Mikronezja
54%
Azja 9,251 Cypr
36%
Nie znaleziono quizów pasujących do podanych kryteriów
Rozkład punktacji
Procent ludzi z każdym wynikiem
Percentyl według liczby udzielonych odpowiedzi
Twoja historia wyników
Nie rozwiązałeś tego quizu